Регионална библиотека "Любен Каравелов" - Русе

12 steps to raw foods : (Запис номер 470378)

MARC детайли
000 -Лидер
Контролно поле с фиксирана дължина 00884nam a2200241 a 4500
003 - Код на организацията, давaща контролен номер
Контролно поле BLK
005 - Дата и час на последна редакция
Контролно поле 20241207095611.0
008 - Елементи от данни с фиксирана дължина
fixed length control field 220815|2007 eng rb 001 | eng
020 ## - Международен стандартен номер на книга ISBN
Международен стандартен номер на книга ISBN 9781556436512
040 ## - Източник на каталожния запис
Transcribing agency BLK
041 ## - Код за език
Код за езика на текст/звукозапис или на отделно заглавие Български
Код за езика КДБФ Български
080 ## - УДК
Текстов определител УДК Хигиена на храненето. Режим на храненето. Вж и 612.39 ; 614.3 ; 615.874 ; 641
УДК код - определител по УДК 613.2
УДК - код + определител 613.2
100 ## - Редна дума - Автор
Автор Boutenko, Victoria
R(LIN) 1299
Авторска отговорност първи автор
139 ## - Редно поле
Редна дума Boutenko, Victoria
Авторски знак Bou - B 81
245 10 - Сведения за заглавието
Заглавие 12 steps to raw foods :
Подзаглавни данни how to end your dependency on cooked food /
Редно поле (дума) Victoria Boutenko
260 ## - Област на издателските данни
Място на издаване, разпространение и проч. Berkeley, Calif. :
Име на издателя, разпространителя и проч. North Atlantic Books,
Година на издаване 2007.
300 ## - Физическа характеристика
Страници xvi, 267 p. ;
Размери/Мащаб 23 cm.
380 ## - Жанр
Жанр Медицина
504 ## - Забележка за наличие на библиография и др
Забележка за наличие на библиография и под. Includes bibliographical references (p. 257-258) and index.
650 #7 - Допълнително описание по предмет – тема
Основно описание – тема или топоним Диети
9 (RLIN) 153393
999 ## - СИСТЕМНИ КОНТРОЛНИ НОМЕРА
Koha biblionumber 470378
Koha biblioitemnumber 470378
942 ## - АРТИКУЛИ
Вид на библиотечния материал Книги
Скрит в OPAC Не
Периодичен библиозапис Да
Koha issues (borrowed), all copies 1
944 ## - СЪЗДАВАНЕ И РЕДАКЦИЯ на ЗАПИСА
Създаване/Редакция Създаване
Дата на регистрацията/редакция 2022-08-15
Служител, извършил регистрацията/редакцията 30545
Статус, дата на статуса Нора Радева
Наличности
Код за отписване Код за изгубен артикул Източник на класификационната схема Код за повреда Коз за рестрикции Код за отдаване Артикулен № Име на библиотеката - собственик Име на библиотеката, в която се намира в момента Статус (Текущо местоположение) Дата на вписване в системата Местоположение - отдел Цена в лева Систематично азбучна сигнатура Баркод Цена в евро Служебен тип на артикула
  Не е изгубен Universal Decimal Classification Не е повреден без рестрикции заемане за дома 900122 Регионална библиотека "Любен Каравелов" Русе Регионална библиотека "Любен Каравелов" Русе Заемна - подръчен фонд 2022-08-15 Заемна - подръчен фонд 15.00 613.2/B 81 V 120000874145 7.67 Книги
Vip Innovations Ltd, Rousse, Bulgaria 2025